000 00864cam4a220028900 4500
001 lce01315363
008 811015m19809999quc b 000 0 eng d
010 _acn 81004325 //r82
015 _aC81-4325-4
020 _c
_32.50
035 _a(Sirsi) r67167
035 _a(DLC)cn 81004325 //r82
035 _a(UPRA)lce01315363
040 _aCaOONL
_beng
_cCaOONL
_dUPRA
055 0 2 _aRC685*
055 0 0 _aRC685 H8
_bC66
082 0 _a616.1/32
_219
100 1 _aColeman, Thomas G.
_6A27803.1
245 1 0 _aBlood pressure control /
_cThomas G. Coleman.
260 _aWestmount, Quebec :
_bEden Press,
_cc1980-
500 _aNL has: v. 1.
504 _aIncludes bibliographies and index.
650 0 _aHypertension.
_6S20072.1
650 6 _aHypertension arterielle.
_6S20073.1
949 _aRC74
_vVOL. 1
_wLC
_i-89938
_mMEDICAL
_tBOOK
_lON-SHELF
004 67167
999 _c42911
_d42911